000 00912nam a2200205 a 4500
001 58332
005 20180714054912.0
008 140415s2005 mx 000 0 spa d
020 _a9707701153
041 _aspa
082 _a840.94406
_bVAR
100 1 _aVARGAS LLOSA, MARIO
245 1 3 _aLA TENTACION DE LO IMPOSIBLE :
_bVICTOR HUGO Y LOS MISERABLES
250 _a1a ed.
260 _aMEXICO :
_bSANTILLANA EDICIONES GENERALES, S.A. DE C.V.,
_c2005
300 _a68
_c14 x 1.5 x 22.8
490 _aCOLECCION LECTURA PARA TODOS
520 _aLA TENTACIÓN DE LO IMPOSIBLE NO ES UN LIBRO QUE TRATA SOBRE OTRO LIBRO. MARIO VARGAS LLOSA NO SE DEJA NUBLAR POR LAS PALABRAS Y DESVELA LAS CLAVES CON LAS QUE EL NARRADOR FRANCÉS DEJÓ CONSTANCIA DE SU CREACIÓN
650 1 4 _aESCRITORES FRANCESES
_xCRITICA
_xHUGO, VICTOR
_xLITERATURA FRANCESA
_xHISTORIA Y CRITICA
_xLITERATURA FRANCESA
_xSIGLO XIX
999 _c58332
_d58332